000 00423nam a2200181Ia 4500
005 20240823014205.0
008 240823s9999||||xx |||||||||||||| ||und||
041 _aENGLISH
082 _A621.3121 P4
100 _aRai G D
245 0 _aPower Plant Technology
250 _a3rd
260 _c2300
_b"Khanna Publishders,"
_aNew Delhi
500 _aYES
650 _aPower
_bElectrical
942 _cBK
999 _c169374
_d169374